Текст томруулах:    
Make winning a habit (Бичлэгийн дугаар. 145929)
000 -УДИРДЛАГА
Удирдлага 00932 a2200349 4500
003 - ХЯНАЛТЫН ТОО ТОДОРХОЙЛОГЧ
Код MN-UlNUM
005 - БИЧИЛТ ХИЙСЭН ОГНОО
Тухайн бичилтийг бичсэн засварласан сүүлийн огноо 20251213123415.0
008 - ЕРӨНХИЙ МЭДЭЭЛЭЛ
Ерөнхий мэдээлэл 110605s2006 nyua b 001 0 eng
020 ## - ISBN
ISBN 0071465022
-- 9780071465021
040 ## - БИЧЛЭГ ҮҮСГЭГЧ БАЙГУУЛЛАГА
Бичлэг үүсгэгч номын сангийн код МУИС-ийн номын сан
084 ## - ББК АНГИЛАЛ
ББК ангилал 65.42
Зохиогчийн гурван тэмдэгт P 14
Нэмэлт тусгалт Нэг сэдэвт бүтээл
Мэдлэгийн ялгаа 65 - Эдийн засаг
100 1# - ЗОХИОГЧ
Зохиогчийн нэр Page, Rick
Зохиогчийн огноо 1947-
245 10 - ҮНДСЭН ГАРЧИГ
Номын нэр Make winning a habit
Оролцогчдын тухай мэдээ by Rick Page
260 ## - ГАРАЛТЫН МЭДЭЭ
Хэвлэгдсэн газар New York
Хэвлэлийн газар McGraw-Hill
Хэвлэгдсэн он 2006
300 ## - МАТЕРИАЛЫН ТОДОРХОЙЛОЛТ
хуудасны тоо xx, 268 p.
Бусад тоон мэдээлэл ill.,
Хэмжээ 24 cm
500 ## - Тайлбар
Дансны дугаар БС 5973
546 ## - ХЭЛНИЙ ТУХАЙ МЭДЭЭ
Хэл Англи хэл дээр,
653 ## - Түлхүүр үг
Түлхүүр үг sales management
653 ## - Түлхүүр үг
Түлхүүр үг selling
653 ## - Түлхүүр үг
Түлхүүр үг customer relations
653 ## - Түлхүүр үг
Түлхүүр үг sales personnel
740 ## - НОМЫН ГАРЧИГ
Гарчиг Biggest Problems, Best Practices
740 ## - НОМЫН ГАРЧИГ
Гарчиг Talent
740 ## - НОМЫН ГАРЧИГ
Гарчиг Technique
740 ## - НОМЫН ГАРЧИГ
Гарчиг Teamwork
740 ## - НОМЫН ГАРЧИГ
Гарчиг Technology
740 ## - НОМЫН ГАРЧИГ
Гарчиг Trust
740 ## - НОМЫН ГАРЧИГ
Гарчиг Transformation
942 ## - ЭЛЕМЕНТИЙН ТӨРӨЛ
Зүйлийн төрөл Ном